Pastoral que el illmo. y rmo. señor Dr. D. Mariano Casanova, Arzobispo de Santiago de Chile, dirige al clero y fieles al publicar la Encíclica de nuestro santísimo padre León XIII, Letitiae Sanctae sobre el Santo Rosario de María

Enregistré dans:
Détails bibliographiques
Auteur principal: Casanova, Mariano (Auteur)
Format: Livre
Langue:espagnol
Publié: Santiago Imprenta de Emilio Pérez L., Santo Domingo 168 1893
Édition:1a. ed
Sujets:
Tags: Ajouter un tag
Pas de tags, Soyez le premier à ajouter un tag!

MARC

LEADER 00000nam a2200000 a 4500
001 UCJ6190
003 CL-VaPUC
008 070124e18931208CL |||||||||||||||||spa|d
082 0 4 |a 242.74  |b CAS  |2 21 
100 0 |a Casanova, Mariano  |e author  |9 393477 
245 1 0 |a Pastoral que el illmo. y rmo. señor Dr. D. Mariano Casanova, Arzobispo de Santiago de Chile, dirige al clero y fieles al publicar la Encíclica de nuestro santísimo padre León XIII, Letitiae Sanctae sobre el Santo Rosario de María 
246 1 0 |a Carta Encíclica de Nuestro Santísimo Padre León XIII, sobre el Santo Rosario de María 
250 |a 1a. ed 
300 |a 17 p 
942 |c BK 
945 |d 20070124 00:00:00  |a rinostro 
260 |a Santiago  |b Imprenta de Emilio Pérez L., Santo Domingo 168  |c 1893 
500 |a Escudo Episcopal. Empastado junto a otros documentos en un volumen rotulado Casanova, Pastorales; ubicación 282 CAS 
600 0 |a Virgen María   |9 314204 
600 0 |a León XIII  |9 310697 
650 7 |a DEVOCIONES MARIANAS  |2 CL-VaPUC  |9 507213 
650 0 |a Rosario   |9 510754 
650 0 |a Encíclicas papales  |9 314532 
650 0 |a Documentos pontificios   |9 255642 
650 7 |a HERALDICA  |2 CL-VaPUC  |9 388228 
650 7 |a ORACIONES  |2 CL-VaPUC  |9 319212 
650 0 |a Problemas sociales  |9 258537 
650 0 |a Materialismo  |9 265687 
583 |a last modification  |c 20070124 00:00:00  |k Rodrigo Vera 
999 |c 322298  |d 322296 
952 |0 0  |1 0  |4 0  |6 242_740000000000000_CAS_1893  |7 0  |8 X  |9 401263  |a FDOBUD  |b FDOBUD  |d 2019-11-22  |i 104530K  |o 242.74 CAS 1893  |p 104530K  |r 2019-11-22  |w 2019-11-22  |y BK_X  |k BUD